Membre de la Mafia K’1 fry - Statistiques

Statistiques générales
  • Ce quiz a été pris 106 fois
    104 depuis la dernière actualisation
  • Le résultat moyen est 9 sur 24
Statistiques - réponses
Hint Réponse % Correct
Mafia K’1 fry Rim’K
95%
Mafia K’1 fry Kerry james
87%
Mafia K’1 fry Rohff
87%
Mafia K’1 fry Mokobe
74%
Mafia K’1 fry Ap
72%
Mafia K’1 fry Demon one
69%
Mafia K’1 fry Dry
58%
Mafia K’1 fry OGB
46%
Mafia K’1 fry Manu key
42%
Mafia K’1 fry Dj Mehdi
38%
Mafia K’1 fry Selim du 9.4
37%
Mafia K’1 fry Teddy corona
37%
Mafia K’1 fry Karlito
36%
Mafia K’1 fry Mamad
21%
Mafia K’1 fry Dj mosko
18%
Mafia K’1 fry Jessy money
15%
Mafia K’1 fry Rocco
14%
Mafia K’1 fry Lassana touré
10%
Mafia K’1 fry Popa
10%
Mafia K’1 fry Mokem
8%
Mafia K’1 fry Lil jahson
6%
Mafia K’1 fry Patrice timal
5%
Mafia K’1 fry Popa project
4%
Mafia K’1 fry Saïdou Zitoumbi
3%
Aucun quiz correspondant
Distribution des résultats
% des personnes avec chaque résultat
Percentile par nombre de réponses
Votre historique - résultats
Vous n’avez pas pris ce quiz depuis la dernière actualisation